| 000 | 00453nam a2200193Ia 4500 | ||
|---|---|---|---|
| 005 | 20240823041029.0 | ||
| 008 | 240823s9999||||xx |||||||||||||| ||und|| | ||
| 020 | _a978-81-259-5006-6 | ||
| 041 | _aENGLISH | ||
| 082 | _A378 Q1 | ||
| 100 | _aPowar K B | ||
| 245 | 0 | _aIndian Higher Education Revisited | |
| 250 | _a1st | ||
| 260 |
_c2011 _bVikas |
||
| 500 | _aYES | ||
| 650 |
_aIndian Higher Education _bGeneral |
||
| 942 | _cBK | ||
| 999 |
_c204525 _d204525 |
||